Advanced algebra
Αποθηκεύτηκε σε:
| Κύριος συγγραφέας: | |
|---|---|
| Άλλοι συγγραφείς: | |
| Μορφή: | Βιβλίο |
| Γλώσσα: | English |
| Δημοσίευση: |
London :
G. Bell and Sons,
1950-1952.
|
| Θέματα: | |
| Ετικέτες: |
Προσθήκη ετικέτας
Δεν υπάρχουν, Καταχωρήστε ετικέτα πρώτοι!
|
MARC
| LEADER | 00000cam a2200000 i 4500 | ||
|---|---|---|---|
| 001 | 1/426 | ||
| 008 | 090701r19501952enk| ||| |||| ||eng|| | ||
| 035 | |l 10105233 | ||
| 040 | |a GR-MyUa |b gre |e AACR2 | ||
| 041 | 0 | |a eng | |
| 082 | 7 | |a 512 |2 (22) | |
| 100 | 1 | |a Durell, Clement V. |q (Clement Vavasor), |d 1882-1968. | |
| 245 | 1 | 0 | |a Advanced algebra / |c by Clement V. Durell and A. Robson. |
| 260 | |a London : |b G. Bell and Sons, |c 1950-1952. | ||
| 300 | |a 3 τ. ; |c 19 εκ. | ||
| 500 | |a Τα αντίτυπα της βιβλιοθήκης είναι ανατυπώσεις του 1951 (τ.1), 1950 (τ.2) και 1952 (τ.3). | ||
| 650 | 0 | 0 | |a Algebra. |
| 700 | 1 | |a Robson, A. |q (Alan), |d 1888- | |
| 852 | |a INST |b SAMOS |c MAG |e 20090701 |h 512 DUR |p 005300028514 |q 005300028514 |t BK |v τ.3: |y 0 |z τ.3 | ||
| 852 | |a INST |b SAMOS |c MAG |e 20090701 |h 512 DUR |p 005300028515 |q 005300028515 |t BK |v τ.1: |y 0 |z τ.1 | ||
| 852 | |a INST |b SAMOS |c MAG |e 20101111 |h 512 DUR |p 005300031538 |q 005300031538 |t BK |v τ.2: |y 0 |z τ.2 | ||
| 853 | |a INST |b SAMOS |c MAG |h 512 DUR | ||
| 901 | |a BIBL3-2009-2 | ||
| 970 | |a ΜΑΛΑΓΑΡΗ |b ΦΩΤΕΙΝΗ |z 2009/07/01 | ||